Relational databases and knowledge bases /
Gespeichert in:
| Hauptverfasser: | , |
|---|---|
| Format: | Buch |
| Sprache: | Englisch |
| Veröffentlicht: |
Reading :
Addison-Wesley Publishing Company,
1989
|
| Ausgabe: | 1.vyd. |
| Schlagworte: | |
| Tags: |
Keine Tags, Fügen Sie das erste Tag hinzu!
|
MARC
| LEADER | 00000nam a22000003a 4500 | ||
|---|---|---|---|
| 001 | stu5044 | ||
| 005 | 20201005124645.8 | ||
| 008 | 931220s1989----xxu-----------------eng-d | ||
| 020 | |a 0-201-09955-1 | ||
| 040 | |a STU |b slo | ||
| 041 | 0 | |a eng | |
| 044 | |a xxu | ||
| 080 | |a 681.32.06 | ||
| 080 | |a 681.32.016 | ||
| 080 | |a 519.683.5 | ||
| 100 | 1 | |a Valduriez, Patrick |4 aut | |
| 245 | 1 | |a Relational databases and knowledge bases / |c [aut.] Gardarin,Georges; Valduriez,Patrick | |
| 250 | |a 1.vyd. | ||
| 260 | |a Reading : |b Addison-Wesley Publishing Company, |c 1989 | ||
| 300 | |a 448 s | ||
| 650 | 7 | |a DBMS |2 stusub | |
| 650 | 7 | |a dátabázové systémy |2 stusub | |
| 650 | 7 | |a relačné databázy |2 stusub | |
| 700 | 1 | |a Gardarin, Georges |4 aut | |
| 996 | |b 284EK07654 |c E*78545 |l EE01 |s A |a 24 |w stu5044_0001 | ||